000 00439 a2200193 4500
001 106935
020 _a9780133838985
020 _a9780133839036
041 _apor
090 _aP Year 1 [E]
245 1 0 _aAboriginal posters
250 _a. ed.
300 _a1 pack (4 posters)
697 _aScience - Year 1.
697 _aScience - Year 2.
040 _aBR-BrIDEA
_cBR-BrIDEA
260 _a[S.l.]
_bPearson
_c2016
942 _cBK
999 _c106935
_d106935